000
00340nam a2200145Ia 4500
008
150201s2012 xx 000 0 und d
082
_a
610.7
_b
P12S
100
_a
SHARMA, SHAKUNTLA
245
_a
PRINCILES & PRACTICE OF NURSING
250
_a
2ND
260
_b
JAYPEE
_a
DELHI
_c
2012
300
_a
558
650
_a
NURSING
942
_2
ddc
_c
BK
999
_c
2159
_d
2159